| 000 | 08572cam a22004454a 4500 | ||
|---|---|---|---|
| 001 | 14369021 | ||
| 003 | PILC | ||
| 005 | 20150112093448.0 | ||
| 008 | 060508s2008 njua b 001 0 eng | ||
| 010 | _a 2006014655 | ||
| 015 |
_aGBA698357 _2bnb |
||
| 016 | 7 |
_a013607619 _2Uk |
|
| 020 | _a0471694177 (cloth/cd) | ||
| 020 | _a9780471694175 (cloth/cd) | ||
| 035 | _a(OCoLC)ocm68711967 | ||
| 035 | _a(OCoLC)68711967 | ||
| 040 |
_aDLC _cDLC _dBAKER _dBTCTA _dC#P _dYDXCP _dCOO _dUKM _dDLC |
||
| 042 | _apcc | ||
| 050 | 0 | 0 |
_aTX 911.3.C65 _b.M55 2008 |
| 082 | 0 | 0 | _a647.95068/1 |
| 100 | 1 | _aDopson, Lea R. | |
| 245 | 1 | 0 |
_aFood and beverage cost control / _cLea R. Dopson, David K. Hayes, Jack E. Miller. |
| 250 | _a4th ed. | ||
| 260 |
_aHoboken, N.J. : _bJohn Wiley & Sons, _c2008. |
||
| 300 |
_axxxv, 587 pages : _billustration ; _c25 cm. + _e1 CD-ROM (4 3/4 in.) |
||
| 500 | _a"Published simultaneously in Canada"--T.p. verso. | ||
| 500 | _aJack E. Miller appeared as the first author on 2nd and 3rd ed.s. | ||
| 504 | _aIncludes bibliographical references (p. 579-582) and index. | ||
| 505 | 0 | _aBefore you start: how to use spreadsheets -- Managing revenue and expense -- Professional foodservice manager -- Profit: the reward for service -- Getting started -- Understanding the income (profit and loss) statement -- Understanding the budget -- Determining sales forecasts -- Importance of forecasting sales -- Sales history -- Maintaining sales histories -- Sales variances -- Predicting future sales -- Managing the cost of food -- Menu item forecasting -- Standardized recipes -- Inventory control -- Purchasing -- Receiving -- Storage -- Determining actual food expense -- Managing the cost of beverages -- Serving alcoholic beverages -- Forecasting beverage sales -- Standardized drink recipes and portions -- Purchasing beverage products -- Receiving beverage products -- Storing beverage products -- Bar transfers -- Computing cost of beverages -- Special features of liquor inventory -- Sales mix -- | |
| 505 | 0 | _aManaging the food and beverage production process -- Product issuing -- Inventory control -- Managing the food production area -- Managing the beverage production area -- Employee theft -- Determining actual and attainable product costs -- Reducing overall product cost percentage -- Managing food and beverage pricing -- Menu formats -- Factors affecting menu pricing -- Assigning menu prices -- Special pricing situations -- Managing the cost of labor -- Labor expense in the hospitality industry -- Evaluating labor productivity -- Maintaining a productive workforce -- Measuring current labor productivity -- Managing payroll costs -- Reducing labor-related costs -- Controlling other expenses -- Managing other expenses -- Fixed, variable, and mixed other expenses -- Controllable and noncontrollable other expenses -- Monitoring other expenses -- Reducing other expenses -- Analyzing results using the income statement -- Introduction to financial analysis -- Uniform system of accounts -- Income statement (usar) -- Analysis of sales/volume -- Analysis of food expense -- Analysis of beverage expense -- Analysis of labor expense -- Analysis of other expenses -- Analysis of profits -- Planning for profit -- Financial analysis and profit planning -- Menu analysis -- Cost/volume/profit analysis -- The budget -- Developing the budget -- Monitoring the budget -- Maintaining and improving the revenue control system -- Revenue security -- External threats to revenue security -- Internal threats to revenue security -- Developing the revenue security system -- The complete revenue security system -- Global dimensions of management and the role of technology -- Multinational foodservice operations -- Management challenges in a global economy -- Advances in technology and information management -- Selecting advanced technology products -- Monitoring developments in cost control technology -- Appendix A: Frequently used formulas for managing operations -- Appendix B: Management control forms -- Appendix C: Fun on the web! sites. | |
| 505 | 0 | _aBefore you start: how to use spreadsheets -- Managing revenue and expense -- Professional foodservice manager -- Profit: the reward for service -- Getting started -- Understanding the profit and loss statement -- Understanding the budget -- Key terms and concepts -- Apply what you have learned -- Test your skills -- Determining sales forecasts -- Importance of forecasting sales -- Sales history -- Maintaining sales histories -- Sales variances -- Predicting future sales -- Technology tools -- Apply what you have learned -- Key terms and concepts -- Test your skills -- Managing the cost of food -- Menu item forecasting -- Standardized recipes -- Inventory control -- Purchasing -- Receiving -- Storage -- Determining actual food expense -- Technology tools -- Apply what you have learned -- Key terms and concepts -- Test your skills -- Managing the cost of beverages -- Serving alcoholic beverages -- Forecasting beverage sales -- Standardized drink recipes and portions -- Purchasing beverage products -- Receiving beverage products -- Storing beverage products -- Bar transfers -- Computing cost of beverages -- Special features of liquor inventory -- Sales mix -- Technology tools -- Apply what you have learned -- Key terms and concepts -- Test your skills. | |
| 505 | 0 | _aManaging the food and beverage production process -- Product issuing -- Inventory control -- Managing the food production area -- Managing the beverage production area -- Employee theft -- Determining actual and attainable product costs -- Reducing overall product cost percentage -- Technology tools -- Apply what you have learned -- Key terms and concepts -- Test your skills -- Managing food and beverage pricing -- Menu formats -- Factors affecting menu pricing -- Assigning menu prices -- Special pricing situations -- Technology tools -- Apply what you have learned -- Key terms and concepts -- Test your skills -- Managing the cost of labor -- Labor expense in the hospitality industry -- Evaluating labor productivity -- Maintaining a productive workforce -- Measuring current labor productivity -- Managing payroll costs -- Reducing labor-related costs -- Technology tools -- Apply what you have learned -- Key terms and concepts -- Test your skills -- Controlling other expenses -- Managing other expenses -- Fixed, variable, and mixed other expenses -- Controllable and noncontrollable other expenses -- Monitoring other expenses -- Reducing other expenses -- Technology tools -- Apply what you have learned -- Key terms and concepts -- Test your skills -- Analyzing results using the income statement -- Introduction to financial analysis -- Uniform system of accounts -- Income statement (usar) -- Analysis of sales/volume -- Analysis of food expense -- Analysis of beverage expense -- Analysis of labor expense -- Analysis of other expenses -- Analysis of profits -- Technology tools -- Apply what you have learned -- Key terms and concepts -- Test your skills -- Planning for profit -- Financial analysis and profit planning -- Menu analysis -- Cost/volume/profit analysis -- The budget -- Developing the budget -- Monitoring the budget -- Technology tools -- Apply what you have learned -- Key terms and concepts -- Test your skills -- Maintaining and improving the revenue control system -- Revenue security -- External threats to revenue security -- Internal threats to revenue security -- Developing the revenue security system -- The complete revenue security system -- Technology tools -- Apply what you have learned -- Key terms and concepts -- Test your skills -- Global dimensions of management & the role of technology -- Multi-national foodservice operations -- Management challenges in a global economy -- Advances in technology and information management -- Selecting advanced technology products -- Monitoring developments in cost control technology -- Apply what you have learned -- Key terms and concepts -- Test your skills -- Appendix A: Frequently used formulas for managing operations -- Appendix B: Mmanagement control forms -- Appendix C: Fun on the web! sites. | |
| 650 | 0 |
_aFood service _xCost control. |
|
| 700 | 1 | _aHayes, David K. | |
| 700 | 1 |
_aMiller, Jack E., _d1930- |
|
| 856 | 4 | 1 |
_3Table of contents only _uhttp://www.loc.gov/catdir/toc/ecip0613/2006014655.html |
| 906 |
_a7 _bcbc _corignew _d1 _eecip _f20 _gy-gencatlg |
||
| 942 |
_2lcc _cBK |
||
| 999 |
_c276694 _d276694 |
||